000 02342cam a22004694i 4500
003 PE-LiUPU
005 20250731172741.0
008 150617s1963 sp r 000 0 spa d
035 _a(Sirsi) a11961
040 _aPE-LiUPU
_bspa
_cPE-LiUPU
_erda
049 _aPRUA
082 0 4 _a234.16
_bT26
_221
100 1 _aTaylor, Carlos R.,
_eautor.
245 1 0 _aInstrucción pastoral /
_cCarlos R. Taylor.
264 1 _aEspaña :
_bDepartamento de Educación de la División Inter-americana de los A. S. D.,
_c1963.
300 _a56 páginas ;
_c28 centímetros
336 _atext
_2rdacontent
337 _aunmediated
_2rdamedia
338 _avolume
_2rdacarrier
500 _aEdición mimeografiada.
505 0 _aLa divina vocación del ministerio -- La obra especial del pastor -- Cualidades personales del pastor -- Preparación mental y espiritual -- La visitación pastoral -- Visitas a los enfermos -- El consultorio espiritual del pastor -- Relaciones personales con los miembros -- Relación del pastor con la asociación -- Relación del pastor con las autoridades -- Relación del pastor con las denominaciones -- Relación del pastor con la prensa y la sociedad -- La reverencia, la música y la oración -- La escuela sabática -- El servicio de predicación -- La hora evangelista y las reuniones de barrio -- La reunión de oración -- El programa M. V., el servicio misionero y la reunión administrativa -- El bautismo -- El casamiento -- La santa cena -- El servicio fúnebre -- Los otros servicios especiales.
526 _aSEG42
526 _aSEG41
526 _aSEG40
526 _aSEG39
526 _aP94
526 _aP87
526 _aP86
526 _aP85
526 _aP77
526 _aP76
526 _aP35
650 0 4 _aPASTORES
_xPreparación.
650 0 4 _aVOCACION MISIONERA.
910 _ajck
_bjvq
_cjck
_d20150616
942 _2ddc
_cBOOK
949 _a234.16 T26
_wDEWEY
_c1
_i34079
_lCCODEBUL1
_mBUL
_p00.00
_r0
_sY
_tBOOK
_u19931005
_xTEOLOGIA
_PP35
_0COMPRA
_o.STAFF. Colección general
994 _aC0
_bPEPRU
596 _a1
999 _a234.16 T26
_wDEWEY
_c2166
_i34079
_d2166
_e2018-6-5
_f2021-11-11
_g5
_lCCODEBUL1
_mBUL
_n5
_p20.26
_r0
_sY
_tBOOK
_u2015-6-17
_xTEOLOGIA
_PP35
_0COMPRA
_o.STAFF. Colección Teología
980 _81
_gALBERTO SANCHEZ Responsable de Automatización